Tribhuvan University Central Library

essentials of Food and Nutrition (Record no. 87053)

MARC details
000 -LEADER
fixed length control field 00416nam a22001577a 4500
008 - FIXED-LENGTH DATA ELEMENTS--GENERAL INFORMATION
fixed length control field 191205b xxu||||| |||| 00| 0 eng d
082 ## - DEWEY DECIMAL CLASSIFICATION NUMBER
Edition number 2nd
Classification number 613.2
Item number sw21e
100 ## - MAIN ENTRY--PERSONAL NAME
Personal name swaminathan,M.
245 ## - TITLE STATEMENT
Title essentials of Food and Nutrition
250 ## - EDITION STATEMENT
Edition statement 2nd
260 ## - PUBLICATION, DISTRIBUTION, ETC.
Place of publication, distribution, etc. Banglore
Name of publisher, distributor, etc. The Banglore press
Date of publication, distribution, etc. 2015
300 ## - PHYSICAL DESCRIPTION
Extent 554p.
504 ## - BIBLIOGRAPHY, ETC. NOTE
Bibliography, etc. note Biblography of the end of each chapter
650 ## - SUBJECT ADDED ENTRY--TOPICAL TERM
Topical term or geographic name entry element Food
942 ## - ADDED ENTRY ELEMENTS (KOHA)
Source of classification or shelving scheme Dewey Decimal Classification
Koha item type General Collections

No items available.